Country Size Multiple Choice - Statistics

General Stats
  • This quiz has been taken 17 times
  • The average score is 8 of 15
Answer Stats
Question Answer % Correct
Largest Russia
100%
Smallest Vatican City
100%
Largest Algeria
75%
Largest Saudi Arabia
69%
Smallest Costa Rica
63%
Largest Peru
63%
Smallest Croatia
50%
Smallest Nigeria
50%
Smallest Togo
50%
Smallest Mongolia
44%
Largest Barbados
38%
Largest Japan
38%
Largest Guyana
19%
Smallest Comoros
13%
Largest Dominica
13%
No matching quizzes found
Score Distribution
Percent of People with Each Score
Percentile by Number Answered
Your Score History
You have not taken this quiz